000 00361nam a2200157Ia 4500
005 20250423094845.0
008 250422s9999 xx 000 0 und d
020 _a978-0-19-920516
100 _aMclean Iain
245 0 _aConcise dictionary of politics
260 _aNew York
260 _bOxford
300 _a599 p
650 _aDictioanery
942 _cBK
999 _c28508
_d28508